| 000 | 00526nam a2200145Ia 4500 | ||
|---|---|---|---|
| 008 | 100204s9999 xx 000 0 und d | ||
| 082 | _b27071 | ||
| 100 | _aदेसाई दत्ता | ||
| 245 | _aजलयुध्द की जलक्रांती | ||
| 260 |
_b"ललित प्रकाशन , मुलुंड" _c2005 |
||
| 300 | _a158 | ||
| 630 | _aजलयुध्द की जलक्रांती | ||
| 730 | _aजलयुध्द की जलक्रांती | ||
| 942 | _cBOOK | ||
| 999 |
_c472249 _d472246 |
||